Normal view
MARC view
- Japan
Entry Geographic Name
001 - CONTROL NUMBER
- control field: 101898
003 - CONTROL NUMBER IDENTIFIER
- control field: NUST
005 - DATE AND TIME OF LATEST TRANSACTION
- control field: 20221031115006.0
008 - FIXED-LENGTH DATA ELEMENTS
- fixed length control field: 221031|| aca||aabn | a|a d
040 ## - CATALOGING SOURCE
- Original cataloging agency: NUST
- Transcribing agency: NUST
151 ## - HEADING--GEOGRAPHIC NAME
- Geographic name: Japan
- General subdivision: Foreign relations
- Geographic subdivision: East Asia
670 ## - SOURCE DATA FOUND
- Source citation: Work cat.: (NUST)0: Toby, Ronald P., 1942- 101895, State and diplomacy in early modern Japan :, [1991]
